Estado, democratización y desarrollo en centroamérica y panamá /
Guardat en:
| Autor corporatiu: | , |
|---|---|
| Format: | Text |
| Publicat: |
Guatemala:
ACAS
|
| Etiquetes: |
Afegir etiqueta
Sense etiquetes, Sigues el primer a etiquetar aquest registre!
|
MARC
| LEADER | 00000 a a2200000 04500 | ||
|---|---|---|---|
| 001 | 25660 | ||
| 003 | |||
| 040 | |||
| 090 | |a 176021 | ||
| 110 | |a Asociación centroamericana de Sociología | ||
| 245 | |a Estado, democratización y desarrollo en centroamérica y panamá / |c Asociación centroamericana de Sociología | ||
| 260 | |a Guatemala: |b ACAS | ||
| 300 | |a 1084 p. | ||
| 710 | |a Universidad de San Carlos de Guatemala |a Universidada de Rafael Landívar |a FLACSO-Proyecto Guatemala |a Asociación de Investigación y Estudios Sociales |a Centro de Estudios Políticos |a Asociación Guatemalteca de Sociolo | ||
| 999 | |c 10957 |d 10957 | ||
